000 01911nam a2200301 i 4500
001 153475
003 ES-MaACL
005 20250919134557.0
008 030828s1869 sp |||| | spa d
080 _a34.096 Sociedad Madrileña para el Alumbrado de Gas
245 0 0 _aDictamen de... Don Nicolás María Rivero, Don Antonio Aparisi y Guijarro, Don Juan González Acevedo y Don Manuel Silvela, con otro de adhesión del Señor Don Juan Martín Carramolino, acerca de si procedería con buen éxito el recurso de casación interpuesto por Don Luis Page en el pleito promovido en su representación contra D. Gregorio López Mollinedo y, por su fallecimiento, contra su Sra. Viuda y herederos, y contra la Sociedad del Crédito Moviliario Español, sobre la nulidad del remate en subasta judicial voluntaria de la fábrica, privilegio exclusivo y todas las pertenencias de la primitiva Compañía Madrileña para el alumbrado de gas en Madrid.
260 _aMadrid :
_b[s.n.],
_c1869 (
_fImp. y Estereotipia de M. Rivadeneyra)
300 _a27 p., [3] h. pleg. ;
_c31 cm.
594 _aPrecede al tít.: "Gas de Madrid. Primitivos accionistas"
610 2 4 _aSociedad Madrileña para el Alumbrado de Gas.
_9174825
610 2 4 _aSociedad General de Crédito Mobiliario Español.
_9164321
650 4 _aCasación civil-
_zEspaña.
_9149475
700 1 _aRivero, Nicolás María,
_d1814-1878
_997688
700 1 _aAparisi y Guijarro, Antonio,
_d1815-1872
_922085
700 1 _aGonzález Acevedo, Juan.
_958397
700 1 _aSilvela, Manuel,
_d1830-1892
_9141412
700 1 _aMartín Carramolino, Juan,
_d1805-1884
_977431
700 1 _aPage, Luis.
_9130768
700 1 _aLópez Mollinedo, Gregorio.
_9129211
710 2 _aSociedad General de Crédito Mobiliario Español.
_9164321
852 4 _aES-MaACL
_jT-99-F-3
_z- Enc. hol.
_z- Enc. en un vol. facticio
999 _c153475
_d153475